000 00304nam a22001337a 4500
008 170407b xxu||||| |||| 00| 0 eng d
020 _a9780721601878
041 _aeng
080 _27 ED
_a616
100 _a9
101 _aSHM
245 _aPATHOLOGIC BASIS O0F DISEASE
_cKUMAR.V
942 _2udc
_cBK
999 _c10096
_d10096